00655nam a2200205Ia 4500003000900000008004100009020001800050040001600068080002300084100001800107245012300125260003700248300001700285490002700302650001500329650004100344650002300385650002200408700001900430IN-BaIIA211028s9999 xx 000 0 eng d a0-7923-0787-9 cIIA Library a082.2:52bIAU-S141 aLieske, J. H. 0aInertial coordinate system on the skycJ. H. Lieske and V. K. Abalakin  aDordrechtbKluwer Academicc1990 axxxiv, 528p. aIAU symposium; no. 141 aAstrometry aAstronomy and Astrophysics thesaurus aCoordinate systems aReference systems aAbalakin, V. K